Piłka nożna - Liga Europy - najlepsi strzelcy - Statystyki

Ogólne statystyki
  • Ten quiz został rozwiązany 52 razy
  • Średni wynik to 6 z 10
Statystyki odpowiedzi
miejsce liczba goli zawodnik narodowość aktualny klub % Poprawnych
1. 34 Pierr-Emerick Aubameyang Gabon Al-Qadsiah
94%
6. 28 Edin Dzeko Bośnia i Hercegowina Fenerbahce
86%
8. 27 Romelu Lukaku Belgia SSC Napoli
82%
7. 27 Bruno Fernandes Portugalia Manchester United
76%
4. 30 Radamel Falcao Kolumbia Millonarios
63%
9. 26 Alexandre Lacazette Francja Olympique Lyon
59%
3. 30 Klaas-Jan Huntelaar Holandia koniec kariery - ostatni klub - Schalke 04
59%
2. 31 Henrik Larsson Szwecja koniec kariery - ostatni klub - Helsingbors IF
47%
10. 26 Aritz Aduriz Hiszpania koniec kariery - ostatni klub - Athletic Bilbao
41%
5. 29 Dieter Muller Niemcy koniec kariery - ostatni klub - Kickers Offenbach
22%
Nie znaleziono quizów pasujących do podanych kryteriów
Rozkład punktacji
Procent ludzi z każdym wynikiem
Percentyl według liczby udzielonych odpowiedzi
Twoja historia wyników
Nie rozwiązałeś tego quizu